Получение кислотостойких керамических материалов; Химия и химическая технология в XXI веке; Т. 1

Dades bibliogràfiques
Parent link:Химия и химическая технология в XXI веке: материалы XIV Всероссийской научно-практической конференции имени профессора Л.П. Кулёва студентов и молодых ученых с международным участием, Томск, 13-16 мая 2013 г/ Национальный исследовательский Томский политехнический университет (ТПУ); Институт природных ресурсов (ИПР) ; Институт физики высоких технологий (ИФВТ) ; Физико-технический институт (ФТИ).— , 2013
Т. 1.— 2013.— [С. 3-5]
Autor principal: Адыкаева А. В.
Autor corporatiu: Национальный исследовательский Томский политехнический университет (ТПУ) Институт физики высоких технологий (ИФВТ) Кафедра технологии силикатов и наноматериалов (ТСН)
Altres autors: Ревва И. Б. Инна Борисовна (научный руководитель)
Sumari:Заглавие с титульного экрана
Idioma:rus
Publicat: 2013
Col·lecció:Химия и химическая технология неорганических веществ и материалов
Matèries:
Accés en línia:http://www.lib.tpu.ru/fulltext/c/2013/C27/V1/001.pdf
Format: MixedMaterials Electrònic Capítol de llibre
KOHA link:https://koha.lib.tpu.ru/cgi-bin/koha/opac-detail.pl?biblionumber=241683

MARC

LEADER 00000naa2a2200000 4500
001 241683
005 20251217111820.0
035 |a (RuTPU)RU\TPU\book\262969 
035 |a RU\TPU\book\258434 
090 |a 241683 
100 |a 20130816d2013 k y0rusy50 ca 
101 0 |a rus 
102 |a RU 
135 |a drcn ---uucaa 
181 0 |a i  
182 0 |a b 
200 1 |a Получение кислотостойких керамических материалов  |f А. В. Адыкаева  |g науч. рук. И. Б. Ревва 
203 |a Текст  |c электронный 
225 1 |a Химия и химическая технология неорганических веществ и материалов 
300 |a Заглавие с титульного экрана 
337 |a Adobe Reader 
461 1 |0 (RuTPU)RU\TPU\book\259433  |t Химия и химическая технология в XXI веке  |o материалы XIV Всероссийской научно-практической конференции имени профессора Л.П. Кулёва студентов и молодых ученых с международным участием, Томск, 13-16 мая 2013 г  |o в 2 т.  |f Национальный исследовательский Томский политехнический университет (ТПУ); Институт природных ресурсов (ИПР) ; Институт физики высоких технологий (ИФВТ) ; Физико-технический институт (ФТИ)  |d 2013 
463 1 |0 (RuTPU)RU\TPU\book\259435  |t Т. 1  |v [С. 3-5]  |d 2013 
610 1 |a труды учёных ТПУ 
610 1 |a электронный ресурс 
610 1 |a керамические материалы 
610 1 |a кислотоупорные материалы 
610 1 |a химический состав 
700 1 |a Адыкаева  |b А. В. 
702 1 |a Ревва  |b И. Б.  |c химик-технолог  |c доцент Томского политехнического университета, кандидат технических наук  |f 1979-  |g Инна Борисовна  |3 (RuTPU)RU\TPU\pers\26547  |4 727  |9 12236 
712 0 2 |a Национальный исследовательский Томский политехнический университет (ТПУ)  |b Институт физики высоких технологий (ИФВТ)  |b Кафедра технологии силикатов и наноматериалов (ТСН)  |3 (RuTPU)RU\TPU\col\18694 
801 2 |a RU  |b 63413507  |c 20130829  |g RCR 
856 4 |u http://www.lib.tpu.ru/fulltext/c/2013/C27/V1/001.pdf 
942 |c CF